logo

Bir Sreshtho Munshi Abdur Rouf Library
Jhenaidah Cadet College

The selected works of Mahatma Gandhi / (Record no. 8871)

MARC details
000 -LEADER
fixed length control field 00945cam a2200277 4500
001 - CONTROL NUMBER
JCCL Control Number 8871
003 - CONTROL NUMBER IDENTIFIER
JCCL marc code BD-JhCC
005 - DATE AND TIME OF LATEST TRANSACTION
control field 20180712120441.0
008 - FIXED-LENGTH DATA ELEMENTS--GENERAL INFORMATION
fixed length control field 691201s1968 ii ac b 001 0aeng
035 ## - SYSTEM CONTROL NUMBER
system control number (BD-JhCC)8871
040 ## - CATALOGING SOURCE
Original cataloging agency DLC
Transcribing agency DLC
Modifying agency DLC
-- BD-JhCC
041 ## - LANGUAGE CODE
Language code of Book eng
050 00 - LIBRARY OF CONGRESS CALL NUMBER
Classification number DS481.G3
Item number A17 1968b
082 00 - DEWEY DECIMAL CLASSIFICATION NUMBER
Classification number 954.03/5
Author mark and Year GAN 1968
100 0# - MAIN ENTRY--PERSONAL NAME
Personal name Gandhi,
Titles and other words associated with a name Mahatma,
Dates associated with a name 1869-1948.
245 04 - TITLE STATEMENT
Title The selected works of Mahatma Gandhi /
Statement of responsibility, etc General editor: Shriman Narayan.
260 ## - PUBLICATION, DISTRIBUTION, ETC. (IMPRINT)
Place of publication, distribution, etc Ahmedabad,
Name of publisher, distributor, etc Navajivan Pub. House
Date of publication, distribution, etc [1968]
300 ## - PHYSICAL DESCRIPTION
Pagination 6 v.
Other physical details illus., ports.
Dimensions 22 cm.
350 ## - PRICE (NR) (BK AM CF MU VM SE) [OBSOLETE]
Price 100.00
504 ## - BIBLIOGRAPHY, ETC. NOTE
Bibliography, etc "Sources": v. 5, p. 502-504; v. 6, p. 542-544.
505 0# - FORMATTED CONTENTS NOTE
Formatted contents note v. 1-2. An autobiography.--v. 3. Satyagraha in South Africa.--v. 4. The basic works.--v. 5. Selected letters.--v. 6. The voice of truth.
600 00 - SUBJECT ADDED ENTRY--PERSONAL NAME
Personal name Gandhi,
Titles and other words associated with a name Mahatma,
Dates associated with a name 1869-1948.
700 0# - ADDED ENTRY--PERSONAL NAME
Personal name Shriman Narayan,
Dates associated with a name 1912-
942 ## - ADDED ENTRY ELEMENTS (KOHA)
Source of classification or shelving scheme Dewey Decimal Classification
Koha item type Books
Holdings
Source of classification or shelving scheme Damaged status Not for loan Home library Current library Shelving location Total Checkouts Full call number Barcode Date last seen Copy number Koha item type
Dewey Decimal Classification     JCC Rouf Library JCC Rouf Library General Stacks   954.03/5 GAN 1968 11861 03/05/2018 11440 Books

JCC Library | Contacts | JCC Home

Last Update on 23 September 2017
Copyright @ 2017-2020 JCC Rouf Library
Rouf Library, Jhenidah Cadet College (JCC), Bangladesh